Fr. Conceicao Rodrigues College of Engineering

Colour Television (Record no. 25951)

MARC details
000 -LEADER
fixed length control field 00325nam a2200145Ia 4500
082 ## - DEWEY DECIMAL CLASSIFICATION NUMBER
Classification number 621.38804
100 ## - MAIN ENTRY--PERSONAL NAME
Personal name Novakovsky/ S.V.
245 ## - TITLE STATEMENT
Title Colour Television
260 ## - PUBLICATION, DISTRIBUTION, ETC.
Name of publisher, distributor, etc. Mir Publishers
Place of publication, distribution, etc. Moscow
Date of publication, distribution, etc. 1979
300 ## - PHYSICAL DESCRIPTION
Extent 399
546 ## - LANGUAGE NOTE
Language note ENGLISH
650 ## - SUBJECT ADDED ENTRY--TOPICAL TERM
Topical term or geographic name entry element Electrical Engineering
654 ## - SUBJECT ADDED ENTRY--FACETED TOPICAL TERMS
Focus term colour T.V.
942 ## - ADDED ENTRY ELEMENTS (KOHA)
Koha item type BOOK
Holdings
Withdrawn status Lost status Damaged status Not for loan Collection Home library Current library Shelving location Date acquired Source of acquisition Cost, normal purchase price Inventory number Total Checkouts Full call number Barcode Date last seen Cost, replacement price Price effective from Koha item type
        AFT Fr. Agnel's C.Rodrigues College of Engineering Fr. Agnel's C.Rodrigues College of Engineering   17/03/2023 Crown Book House 9.00 84   621.38804 AFT3618 17/03/2023 9.00 17/03/2023 BOOK